Statistics for Best-Selling Video Games of All-Time

Click here to take the quiz!

General Stats

  • This quiz has been taken 19 times
  • The average score is 6 of 10

Answer Stats

# of SalesVideo Game% Correct
180,000,000Minecraft
100%
120,000,000Grand Theft Auto V
78%
35,000,000Tetris
78%
37,240,000Mario Kart Wii
67%
48,240,000Super Mario Bros.
67%
82,880,000Wii Sports
56%
47,520,000Pokémon Red / Green / Blue / Yellow
44%
43,800,000Wii Fit / Wii Fit Plus
33%
33,110,000Wii Sports Resort
33%
60,000,000PlayerUnknown's Battlegrounds (PUBG)
22%

Score Distribution

Percentile by Number Answered

Percent of People with Each Score

Your Score History

You have not taken this quiz